[Event "Championnat de Paris Open A"]
[Site "Paris"]
[Date "2012.07.11"]
[Round "5.55"]
[White "Stark, Gabriel"]
[Black "Daubas, Christophe"]
[Result "0-1"]
[WhiteElo "1837"]
[BlackElo "2023"]
[PlyCount "48"]
[EventDate "2012.??.??"]

1. d4 Nf6 2. c4 g6 3. Nc3 Bg7 4. e4 d6 5. f4 O-O 6. Be2 c5 7. d5 e6 8. Nf3 exd5
9. cxd5 Re8 10. Nd2 Bd7 11. O-O b5 12. Bf3 b4 13. Ne2 Bb5 14. Re1 Nbd7 15. g4
Nb6 16. a4 Bxe2 17. Rxe2 a5 18. Qc2 Nfd7 19. Ra2 c4 20. Nxc4 Nxc4 21. b3 Ncb6
22. Rg2 Rc8 23. Qd1 Nc5 24. Rae2 Nxb3 0-1

[Event "Championnat de Paris Open A"]
[Site "Paris"]
[Date "2012.07.11"]
[Round "5.56"]
[White "Vergara, Daniel"]
[Black "Chitrit, Norbert"]
[Result "1-0"]
[WhiteElo "2023"]
[BlackElo "1871"]
[PlyCount "69"]
[EventDate "2012.??.??"]

1. d4 d6 2. e4 e5 3. Nf3 Nd7 4. Bc4 Be7 5. dxe5 Nxe5 6. Nxe5 dxe5 7. Qh5 g6 8.
Qxe5 Nf6 9. Bh6 Rg8 10. Bg5 Ng4 11. Qxe7+ Qxe7 12. Bxe7 Kxe7 13. Nc3 c6 14. h3
Ne5 15. Bb3 g5 16. O-O-O Be6 17. Bxe6 fxe6 18. Ne2 Raf8 19. f3 h5 20. b3 Rd8
21. Rxd8 Kxd8 22. h4 g4 23. f4 Nd7 24. Kd2 e5 25. Ke3 exf4+ 26. Nxf4 Nf6 27.
Rd1+ Ke7 28. e5 Nd7 {suite illisible} 29. e6 Ne5 30. Ke4 Ng6 31. Nxh5 Nxh4 32.
g3 Nf3 33. Rd7+ Kxe6 34. Rg7 Rxg7 35. Nxg7+ 1-0

g7 Rxg7 35. Nxg7+ 1-0

[Event "Championnat de Paris Open A"]
[Site "Paris"]
[Date "2012.07.11"]
[Round "5.57"]
[White "Baguette, Francois"]
[Black "Massip, Julien"]
[Result "1-0"]
[WhiteElo "1834"]
[BlackElo "2022"]
[PlyCount "107"]
[EventDate "2012.??.??"]

1. d4 d5 2. Nf3 Nf6 3. c3 Bf5 4. Qb3 b6 5. Bf4 e6 6. e3 Bd6 7. Ne5 O-O 8. Be2
c5 9. Nd2 c4 10. Qd1 b5 11. g4 Bg6 12. h4 Bxe5 13. dxe5 Nfd7 14. h5 Bd3 15.
Bxd3 cxd3 16. Nf3 Nc5 17. b4 Ne4 18. Qxd3 Nd7 19. O-O Rc8 20. Rac1 f6 21. exf6
Qxf6 22. Qd4 Nxc3 23. Qxf6 Nxf6 24. Rc2 Nxg4 25. Kg2 Na4 26. Rfc1 Nb6 27. Rxc8
Rxc8 28. Rxc8+ Nxc8 29. Ng5 e5 30. Kf3 exf4 31. Kxg4 fxe3 32. fxe3 Nb6 33. Ne6
Na4 34. Nc7 Nc3 35. a3 Kf7 36. Kf5 Ke7 37. Ke5 g5 38. hxg6 hxg6 39. Nxd5+ Nxd5
40. Kxd5 Kf6 41. e4 g5 42. Kd6 g4 43. e5+ Kf7 44. Kd7 g3 45. e6+ Kf6 46. e7 g2
47. e8=Q g1=Q 48. Qf8+ Ke5 49. Qc5+ Qxc5 50. bxc5 a5 51. c6 b4 52. axb4 axb4
53. c7 b3 54. c8=Q 1-0

[Event "Championnat de Paris Open A"]
[Site "Paris"]
[Date "2012.07.11"]
[Round "5.58"]
[White "Hoarau, Adrien"]
[Black "Bourcier, Laurent"]
[Result "1-0"]
[WhiteElo "2019"]
[BlackElo "1859"]
[PlyCount "69"]
[EventDate "2012.??.??"]

1. e4 c5 2. Nf3 d6 3. Bb5+ Bd7 4. Bxd7+ Qxd7 5. O-O Nc6 6. Re1 Nf6 7. c3 e6 8.
d4 cxd4 9. cxd4 d5 10. Nc3 dxe4 11. Nxe4 Nxe4 12. Rxe4 Qd5 13. Rg4 h6 14. Qa4
b5 15. Qc2 f5 16. Rg3 g5 17. Qe2 g4 18. Ne1 Nxd4 19. Qd3 Bg7 20. Be3 O-O 21.
Bxd4 Bxd4 22. Qe2 Rae8 23. Rd1 e5 24. Nc2 Qc4 25. Nxd4 exd4 26. Qd2 Kh7 27. h3
h5 28. Qg5 Qe2 29. Qxh5+ Kg7 30. Qg5+ Kh7 31. Rxd4 Qe1+ 32. Kh2 Rf7 33. hxg4
Qe5 34. gxf5 Rxf5 35. Rh4# 1-0

[Event "Championnat de Paris Open A"]
[Site "Paris"]
[Date "2012.07.11"]
[Round "5.59"]
[White "Gretry, Patrice"]
[Black "Besombes, Romain"]
[Result "0-1"]
[WhiteElo "2016"]
[BlackElo "1823"]
[PlyCount "106"]
[EventDate "2012.??.??"]

1. e4 e6 2. f4 d5 3. Nc3 Nf6 4. e5 Nfd7 5. Nf3 c5 6. d4 Nc6 7. Be3 cxd4 8. Nxd4
Qa5 9. Nb3 Qd8 10. Qg4 f5 11. Qf3 Bb4 12. O-O-O Bxc3 13. bxc3 Qe7 14. Kb2 Nb6
15. Bc5 Na4+ 16. Kb1 Nxc5 17. g4 fxg4 18. Qxg4 Nxb3 19. cxb3 Bd7 20. Bd3 O-O-O
21. h4 Qf7 22. a3 Ne7 23. Rdf1 Nf5 24. Qg1 Kb8 25. Rh2 Qe7 26. Rc1 Bc6 27. h5
b6 28. b4 Qd7 29. Kb2 Bb5 30. Bb1 Rc8 31. Rd1 Qc7 32. Rh3 Bc4 33. a4 Rcd8 34.
Bc2 Rd7 35. Qg5 Rf7 36. Rd2 Qe7 37. Qg1 Rd8 38. Ka3 Kb7 39. Qh1 Kb8 40. Qg1 Rd7
41. Kb2 Rf8 42. Ka3 Rfd8 43. Qg4 Qf8 44. Qg1 Kc7 45. Rd1 Kb8 46. Kb2 d4 47. Ka3
Ne3 48. Rxe3 dxe3 49. Rxd7 Rxd7 50. Qxe3 Qc8 51. Kb2 Qd8 52. Bxh7 Rd2+ 53. Kc1
Re2 0-1

[Event "Championnat de Paris Open A"]
[Site "Paris"]
[Date "2012.07.11"]
[Round "5.60"]
[White "Bacon, Jean-Pierre"]
[Black "Maubert, Nicolas"]
[Result "1/2-1/2"]
[WhiteElo "1816"]
[BlackElo "2010"]
[PlyCount "72"]
[EventDate "2012.??.??"]

1. d4 Nf6 2. Nf3 d5 3. c4 e6 4. Bg5 Be7 5. e3 O-O 6. Nc3 h6 7. Bh4 b6 8. cxd5
Nxd5 9. Bxe7 Qxe7 10. Nxd5 exd5 11. Be2 Be6 12. O-O c5 13. b3 Rc8 14. Rc1 Qb7
15. Ne5 Nd7 16. Nxd7 Bxd7 17. Bf3 Be6 18. Qe2 a5 19. Qb5 Qa6 20. Qxa6 Rxa6 21.
dxc5 bxc5 22. Rfd1 Rd6 23. Rd2 g6 24. Kf1 a4 25. Rcd1 axb3 26. axb3 d4 27. exd4
cxd4 28. Rxd4 Rxd4 29. Rxd4 Bxb3 30. h4 h5 31. g3 Kg7 32. Kg2 Rc7 33. Rd6 Be6
34. Bd5 Bxd5+ 35. Rxd5 Rc3 36. Rd6 Rb3 {=} 1/2-1/2

[Event "Championnat de Paris Open A"]
[Site "Paris"]
[Date "2012.07.11"]
[Round "5.61"]
[White "Reubrez, Christophe"]
[Black "Marin, Frederic-Vincent"]
[Result "1/2-1/2"]
[WhiteElo "1815"]
[BlackElo "2006"]
[PlyCount "159"]
[EventDate "2012.??.??"]

1. e4 c5 2. Nf3 Nc6 3. Bb5 e6 4. c3 Nf6 5. d3 Be7 6. O-O O-O 7. Nbd2 Qc7 8. Re1
d6 9. Nf1 a6 10. Ba4 b5 11. Bb3 Bb7 12. a4 Ne5 13. Nxe5 dxe5 14. Bc2 Rfd8 15.
Qf3 Bc6 16. Ng3 bxa4 17. Bxa4 Bxa4 18. Rxa4 Qd7 19. Qd1 Qxd3 20. Qb3 Qb5 21.
Qa2 h5 22. Bg5 g6 23. h3 Rd6 24. Ra5 Qc6 25. Qc4 Rd7 26. Bxf6 Bxf6 27. Rxc5 Qb7
28. b4 h4 29. Nf1 Rad8 30. Ne3 Be7 31. Rc6 Qb5 32. Ra1 Bg5 33. Re1 Bxe3 34.
fxe3 Rd2 35. Qxb5 axb5 36. Kf1 {=} 36... Ra2 37. Re2 Ra3 38. Kf2 Rd3 39. Rc2
Ra1 40. Rc5 Rdd1 41. Rxb5 Rf1+ 42. Ke2 Rad1 43. Rxe5 Kg7 44. Ra5 Rfe1+ 45. Kf3
Rd3 46. Re2 Rxe2 47. Kxe2 Rxc3 48. Rc5 Rb3 49. Rc4 Kf6 50. e5+ Kxe5 51. Rxh4 g5
52. Rd4 f5 53. g3 Rb2+ 54. Rd2 {=} 54... Rxb4 55. Kf3 Rb1 56. Ra2 Rf1+ 57. Kg2
Re1 58. Kf2 Rc1 59. Ra5+ Kf6 60. Ra2 {=} 60... Rc5 61. Rb2 Rc3 62. Ra2 f4 63.
gxf4 gxf4 64. exf4 Kf5 65. Kg2 Kxf4 66. Ra4+ Ke3 67. Ra5 Kf4 68. Ra4+ Kf5 69.
Ra8 e5 70. Rf8+ Ke4 71. h4 Rc2+ 72. Kg3 Rc7 73. Re8 Rg7+ 74. Kf2 Rg4 75. h5 Rh4
76. Rh8 Kf4 77. h6 Rh2+ 78. Kg1 Rh5 79. h7 Ke3 80. Kf1 1/2-1/2

[Event "Championnat de Paris Open A"]
[Site "Paris"]
[Date "2012.07.11"]
[Round "5.62"]
[White "Pachon, Bernard"]
[Black "Mathieu, Romaric"]
[Result "0-1"]
[WhiteElo "1814"]
[BlackElo "1997"]
[PlyCount "43"]
[EventDate "2012.??.??"]

1. d4 g6 2. Nf3 Bg7 3. e4 c5 4. c3 cxd4 5. cxd4 Nc6 6. Nc3 d6 7. Bc4 Nf6 8. O-O
O-O 9. Be2 a6 10. a4 Bg4 11. Rb1 Rc8 12. Be3 Na5 13. Nd2 Bxe2 14. Qxe2 e6 15.
Rfd1 Nd7 16. f4 Nb6 17. e5 Qd7 18. Nde4 Nxa4 19. Nxa4 Qxa4 20. Nxd6 Rc7 21. Qd3
Qc6 22. Rdc1 0-1

[Event "Championnat de Paris Open A"]
[Site "Paris"]
[Date "2012.07.11"]
[Round "5.63"]
[White "Mircescu, Ovidiu"]
[Black "Guille, Jean-Luc"]
[Result "1/2-1/2"]
[WhiteElo "2106"]
[BlackElo "1962"]
[PlyCount "106"]
[EventDate "2012.??.??"]

1. e4 c5 2. Nf3 Nc6 3. d4 cxd4 4. Nxd4 Nf6 5. Nc3 e5 6. Ndb5 d6 7. Nd5 Nxd5 8.
exd5 Nb8 9. c4 Be7 10. Bd3 O-O 11. O-O a6 12. Nc3 f5 13. f3 Bg5 14. f4 exf4 15.
Qc2 g6 16. Ne2 Nd7 17. Nxf4 Ne5 18. Be2 Bd7 19. Be3 Re8 20. Bd4 Rc8 21. Qb3 Bf6
22. Rad1 Qc7 23. Bb6 Qb8 24. Qc2 Nf7 25. b4 Re4 26. Bd3 Bd4+ 27. Bxd4 Rxd4 28.
Qb2 Qa7 29. c5 dxc5 30. Ne6 Bxe6 31. dxe6 Ne5 32. Be2 Nc6 33. Rxd4 Nxd4 34. Bc4
b5 35. Bd5 Qe7 36. Rd1 Qd6 37. bxc5 Qxd5 38. Qxd4 Qxc5 39. Qxc5 Rxc5 40. Rd6
Kg7 41. Rxa6 Kf6 42. Kf2 Re5 43. Rb6 Rxe6 44. Rxb5 Ra6 45. Rb2 Ra3 46. Re2 g5
47. g3 h5 48. Kg2 f4 49. gxf4 gxf4 50. Rb2 Kg5 51. Rf2 Kf5 52. Rb2 Ke4 53. Kf2
Rf3+ 1/2-1/2

[Event "Championnat de Paris Open A"]
[Site "Paris"]
[Date "2012.07.11"]
[Round "5.64"]
[White "Horvath, Reka"]
[Black "Le Roux, Yann-Erle"]
[Result "0-1"]
[WhiteElo "2067"]
[BlackElo "1964"]
[PlyCount "114"]
[EventDate "2012.??.??"]

1. Nf3 Nf6 2. g3 d5 3. Bg2 c6 4. c4 Bf5 5. Qb3 Qc8 6. cxd5 cxd5 7. Nc3 e6 8. d3
Be7 9. e4 dxe4 10. dxe4 Bg6 11. Bg5 Nc6 12. e5 Nd7 13. Bxe7 Nxe7 14. Nd4 Qc5
15. Rd1 Qxe5+ 16. Nde2 Nb6 17. Qb5+ Qxb5 18. Nxb5 O-O 19. Bxb7 Rab8 20. Nd6
Rxb7 21. Nxb7 Be4 22. O-O Bxb7 23. Rc1 Ned5 24. Nd4 Rc8 25. Nb5 Ba6 26. Rxc8+
Nxc8 27. Rc1 g5 28. Nd6 Nxd6 29. Rc6 Bc4 30. Rxd6 Bxa2 31. Ra6 Nb4 32. Ra4 a5
33. Rxa5 Bd5 34. Rb5 Nd3 35. b3 Kg7 36. Kf1 Kg6 37. Rb8 h5 38. b4 Kf5 39. Ke2
Ne5 40. Ke3 Ng4+ 41. Kd4 Nxh2 42. b5 Nf3+ 43. Kc5 Ne5 44. Rd8 h4 45. gxh4 gxh4
46. Rh8 Kg4 47. Kd6 Ng6 48. Rh7 h3 49. b6 Nh4 50. Rg7+ Kf4 51. Rxf7+ Nf5+ 52.
Kc7 h2 53. b7 Bxb7 54. Kxb7 h1=Q+ 55. Kc7 Qd5 56. Rd7 Qc5+ 57. Kd8 Qxf2 0-1

[Event "Championnat de Paris Open A"]
[Site "Paris"]
[Date "2012.07.11"]
[Round "5.65"]
[White "Eid, Maha"]
[Black "Renault, Nicolas"]
[Result "1-0"]
[WhiteElo "2051"]
[BlackElo "1957"]
[PlyCount "99"]
[EventDate "2012.??.??"]

1. d4 Nf6 2. c4 g6 3. Nc3 Bg7 4. e4 d6 5. f3 O-O 6. Bg5 Nc6 7. d5 Ne5 8. Qd2 c6
9. Rc1 Qe8 10. b3 e6 11. dxc6 Qxc6 12. Nge2 a6 13. Nd4 Qc7 14. Be2 b6 15. O-O
Bb7 16. Be3 Rfd8 17. Qe1 Rab8 18. Qh4 Ned7 19. Rfd1 Ba8 20. b4 Rbc8 21. Nb3 Qb8
22. Bf4 Ne5 23. Bg3 Ned7 24. Qf4 d5 25. Qxb8 Rxb8 26. cxd5 exd5 27. Nxd5 Bxd5
28. exd5 h6 29. Bf4 Ra8 30. Rc6 Re8 31. Kf2 g5 32. Bc7 b5 33. Nc5 Nxc5 34. bxc5
Nd7 35. Ba5 Bf8 36. Rc1 Re5 37. d6 Rae8 38. Bf1 Rd5 39. Rc7 Nb8 40. a4 bxa4 41.
Bc4 Rf5 42. g4 Rf4 43. Bd2 Rf6 44. Rb1 Rd8 45. Rbb7 Bxd6 46. cxd6 Rfxd6 47.
Bxf7+ Kh8 48. Bc3+ Kh7 49. Be6+ Kg6 50. Bf5# 1-0

[Event "Championnat de Paris Open A"]
[Site "Paris"]
[Date "2012.07.11"]
[Round "5.66"]
[White "Levoux, Sebastien"]
[Black "Goeller, Charles"]
[Result "1/2-1/2"]
[WhiteElo "2046"]
[BlackElo "1943"]
[PlyCount "96"]
[EventDate "2012.??.??"]

1. c4 e6 2. Nc3 Nf6 3. g3 d5 4. d4 Bb4 5. Bg2 O-O 6. Nf3 b6 7. Bg5 Bxc3+ 8.
bxc3 h6 9. Bxf6 Qxf6 10. Ne5 Bb7 11. O-O Rd8 12. cxd5 exd5 13. c4 Nd7 14. f4
Nxe5 15. fxe5 Qe6 16. cxd5 Bxd5 17. e4 Bc4 18. d5 Bxf1 19. dxe6 Rxd1 20. Rxd1
Bb5 21. e7 Re8 22. Rd8 g6 23. Bh3 c5 24. Bd7 Bxd7 25. Rxd7 Kg7 26. Kf2 f5 27.
exf5 gxf5 28. Rxa7 Kf7 29. Rb7 Rxe7 30. Rxb6 Rxe5 31. Rxh6 Ke7 32. Kf3 c4 33.
Rc6 Ra5 34. Rxc4 Rxa2 35. h4 Kf6 36. Rc3 Ra4 37. Re3 Rg4 38. Re8 Kf7 39. Rh8
Kg7 40. Ra8 Kf6 41. Rf8+ Ke6 42. h5 Rg5 43. h6 Rh5 44. Ra8 Kf6 45. Kf4 Kg6 46.
Ra6+ Kh7 47. Rf6 Kg8 48. Rxf5 Rxh6 1/2-1/2

[Event "Championnat de Paris Open A"]
[Site "Paris"]
[Date "2012.07.11"]
[Round "5.67"]
[White "Abbas, Talal"]
[Black "Jacques, Christian"]
[Result "0-1"]
[WhiteElo "2006"]
[BlackElo "1940"]
[PlyCount "60"]
[EventDate "2012.??.??"]

1. e4 c6 2. d4 d5 3. Nc3 dxe4 4. Nxe4 Bf5 5. Ng3 Bg6 6. N1e2 h6 7. Nf4 Bh7 8.
Bd3 Bxd3 9. Qxd3 e6 10. O-O Nf6 11. Re1 Be7 12. Bd2 O-O 13. Rad1 c5 14. Bc3
cxd4 15. Bxd4 Nc6 16. c3 Nxd4 17. cxd4 Nd5 18. Nxd5 Qxd5 19. Re5 Qxa2 20. Nh5
Rfd8 21. Qg3 Bf8 22. d5 exd5 23. Nf6+ Kh8 24. Rg5 Qa4 25. b3 Qc6 26. Rf5 gxf6
27. Qf3 d4 28. Qh5 Qe6 29. g4 Rac8 30. g5 Qxf5 0-1

[Event "Championnat de Paris Open A"]
[Site "Paris"]
[Date "2012.07.11"]
[Round "5.68"]
[White "Preschez, Francois"]
[Black "Reilhac, Philippe"]
[Result "1-0"]
[WhiteElo "1937"]
[BlackElo "2004"]
[PlyCount "113"]
[EventDate "2012.??.??"]

1. e4 c5 2. Nf3 e6 3. d4 cxd4 4. Nxd4 Nc6 5. Nc3 a6 6. Nxc6 bxc6 7. Be3 e5 8.
Qh5 Nf6 9. Qxe5+ Be7 10. Qg3 O-O 11. e5 Nh5 12. Qf3 g6 13. g4 Ng7 14. Bd3 d5
15. exd6 Bxd6 16. O-O-O Qc7 17. h4 Be6 18. h5 Be5 19. Qe2 Rab8 20. Bc4 Qb7 21.
Bb3 Qb4 22. hxg6 fxg6 23. Na4 Bd5 24. Bc5 Qf4+ 25. Kb1 Rfe8 26. Be3 Qf6 27. Qd2
Kh8 28. f4 Bxh1 29. Rxh1 Rbd8 30. Qh2 h5 31. fxe5 Qf3 32. gxh5 Nxh5 33. Bc1 Qf5
34. e6 Re7 35. Re1 Kg7 36. Re5 Qf1 37. Nc3 Rh8 38. Qd2 Nf6 39. Re3 Qf4 40. Qe1
Qf5 41. a3 Rh2 42. Qg3 Rh1 43. Rf3 Qh5 44. Qf4 Nh7 45. Rf1 Rxf1 46. Qxf1 Nf8
47. Qxa6 Nxe6 48. Qxc6 Nd4 49. Qd6 Qh4 50. Bf4 Qe1+ 51. Ka2 Nf5 52. Qd5 Nh6 53.
Qd4+ Kh7 54. Nd5 Nf5 55. Qc5 Rf7 56. Bg5 Rb7 57. Qf8 1-0

[Event "Championnat de Paris Open A"]
[Site "Paris"]
[Date "2012.07.11"]
[Round "5.69"]
[White "Leblic, Mathieu"]
[Black "Potrel, Manu"]
[Result "1-0"]
[WhiteElo "1912"]
[BlackElo "2001"]
[PlyCount "69"]
[EventDate "2012.??.??"]

1. d4 Nf6 2. Nf3 g6 3. c4 Bg7 4. g3 d5 5. Bg2 dxc4 6. Na3 c3 7. bxc3 O-O 8. O-O
c5 9. Bb2 Nc6 10. Nc4 Nd5 11. e4 Nb6 12. Ne3 Na5 13. Qe2 Na4 14. Rab1 Nxb2 15.
Qxb2 Bh6 16. Qe2 cxd4 17. cxd4 b6 18. Rfc1 Bb7 19. d5 Rc8 {=} 20. Bh3 Rxc1+ 21.
Rxc1 Qd6 22. Rc2 Qb4 23. Ng4 Bg7 24. Qe3 e6 25. Nh6+ Kh8 26. Qf4 f5 27. dxe6
fxe4 28. Nf7+ Kg8 29. N3e5 Qe1+ 30. Bf1 Ba6 31. Rc1 Qb4 32. Bxa6 Qe7 33. Bc8
Bf6 34. Qxe4 Kg7 35. h4 1-0

[Event "Championnat de Paris Open A"]
[Site "Paris"]
[Date "2012.07.11"]
[Round "5.70"]
[White "Fournier, Dimitri"]
[Black "Bonvalot, Isabelle"]
[Result "1-0"]
[WhiteElo "1995"]
[BlackElo "1935"]
[PlyCount "79"]
[EventDate "2012.??.??"]

1. e4 g6 2. d4 Bg7 3. Nc3 d6 4. g3 Nd7 5. Bg2 e5 6. Nge2 Ngf6 7. O-O O-O 8. h3
c6 9. Be3 Re8 10. d5 Nb6 11. b3 cxd5 12. Bxb6 Qxb6 13. Nxd5 Nxd5 14. Qxd5 Be6
15. Qd2 Rac8 16. c4 f5 17. Rad1 Rcd8 18. exf5 gxf5 19. Bd5 Kh8 20. Nc3 e4 21.
Bxe6 Rxe6 22. Nd5 Qc5 23. Qg5 Rf8 24. Nf4 Bh6 25. Nxe6 Bxg5 26. Nxc5 dxc5 27.
Rd7 f4 28. gxf4 Bxf4 29. Re1 Re8 30. Rxb7 a5 31. Ra7 e3 32. fxe3 Bxe3+ 33. Kg2
Rg8+ 34. Kf3 Bd4 35. Ree7 Rf8+ 36. Ke4 Bc3 37. Rxh7+ Kg8 38. Rhd7 Re8+ 39. Kd5
Bb4 40. h4 1-0

[Event "Championnat de Paris Open A"]
[Site "Paris"]
[Date "2012.07.11"]
[Round "5.71"]
[White "Hassine, Daniel"]
[Black "Gauthier, Arnaud"]
[Result "1-0"]
[WhiteElo "1991"]
[BlackElo "1913"]
[PlyCount "85"]
[EventDate "2012.??.??"]

1. d4 d6 2. Nf3 Nf6 3. c4 c6 4. g3 g6 5. Nc3 Bg7 6. Bg2 O-O 7. O-O Qc7 8. h3
Nbd7 9. e4 e5 10. Re1 a6 11. Be3 b5 12. cxb5 axb5 13. Rc1 Qa5 14. a3 Bb7 15.
Nd2 Rfb8 16. Nb3 Qd8 17. dxe5 Nxe5 18. Bf1 d5 19. Bf4 Nh5 20. Bxe5 Bxe5 21.
exd5 Bd6 22. Nd4 cxd5 23. Ncxb5 Qb6 24. Nxd6 Qxd6 {=} 25. Bg2 Nf6 26. Rc2 Ne4
27. Nf3 Rd8 28. Qd4 Bc6 29. Rec1 Ba4 30. Rc7 Qf6 31. Qxf6 Nxf6 32. Nd4 Ne4 33.
Re7 Re8 34. Rcc7 Rxe7 35. Rxe7 Kf8 36. Re5 Rd8 37. Bxe4 dxe4 38. Rxe4 Kg8 39.
g4 f5 40. Nxf5 gxf5 41. Rxa4 fxg4 42. hxg4 Rd2 43. Rb4 1-0

[Event "Championnat de Paris Open A"]
[Site "Paris"]
[Date "2012.07.11"]
[Round "5.72"]
[White "Hallay, Axel"]
[Black "De Marchi, Silverio"]
[Result "1-0"]
[WhiteElo "1983"]
[BlackElo "1905"]
[PlyCount "59"]
[EventDate "2012.??.??"]

1. d4 Nf6 2. c4 g6 3. Nc3 d5 4. cxd5 Nxd5 5. e4 Nxc3 6. bxc3 Bg7 7. Be3 c5 8.
Bc4 O-O 9. Ne2 Nc6 10. O-O Qc7 11. Rc1 Rd8 12. Bf4 Qd7 13. d5 Ne5 14. Bxe5 Bxe5
15. f4 Bg7 16. Bb3 a5 17. a4 b5 18. c4 b4 19. Qe1 Ra6 20. Qf2 Qc7 21. h3 h5 22.
Rce1 e5 23. f5 gxf5 24. exf5 Rf6 25. g4 hxg4 26. hxg4 Re8 27. Ng3 e4 28. Qf4
Rd6 29. Nxe4 Bd4+ 30. Kg2 1-0

[Event "Championnat de Paris Open A"]
[Site "Paris"]
[Date "2012.07.11"]
[Round "5.73"]
[White "Fayad, Erwan"]
[Black "Pass, Deborah J"]
[Result "1/2-1/2"]
[WhiteElo "1894"]
[BlackElo "1974"]
[PlyCount "105"]
[EventDate "2012.??.??"]

1. e4 g6 2. d4 Bg7 3. f4 d6 4. Nf3 e6 5. Bc4 Ne7 6. O-O O-O 7. e5 b6 8. Nc3 Bb7
9. d5 exd5 10. Nxd5 dxe5 11. Nxe7+ Qxe7 12. Qe2 Nc6 13. fxe5 Nxe5 14. Nxe5 Bxe5
15. Kh1 Rae8 16. Qf2 Kg7 17. Bf4 Bxf4 18. Qxf4 Qe5 19. Rad1 Qxf4 20. Rxf4 Re7
21. Kg1 f5 22. Rfd4 Rfe8 23. Kf2 Bc6 24. b4 b5 25. Bd3 Kf6 26. a4 bxa4 27. b5
Be4 28. Rxa4 Bxd3 29. cxd3 Re2+ 30. Kf1 Rb2 31. Re1 Rxe1+ 32. Kxe1 Rxb5 33.
Rxa7 Rc5 34. Kd2 f4 35. Ra4 g5 36. Ra6+ Kg7 37. d4 Rd5 38. Kc3 c5 39. dxc5
Rxc5+ 40. Kd3 Re5 41. h4 gxh4 42. Ra4 Re3+ 43. Kd2 Rg3 44. Rxf4 Rxg2+ 45. Ke1
h3 46. Kf1 Kg6 47. Rh4 Rg3 48. Kf2 Ra3 49. Kg1 h5 50. Kh2 Kg5 51. Rxh3 Ra2+ 52.
Kh1 Kg4 53. Rb3 1/2-1/2

[Event "Championnat de Paris Open A"]
[Site "Paris"]
[Date "2012.07.11"]
[Round "5.74"]
[White "Huynh Tan, Stephane"]
[Black "Koenig, Joel"]
[Result "1-0"]
[WhiteElo "1974"]
[BlackElo "1836"]
[PlyCount "71"]
[EventDate "2012.??.??"]

1. c4 Nf6 2. Nc3 e6 3. e4 Bb4 4. e5 Bxc3 5. bxc3 Ng8 6. Qg4 Ne7 7. Qxg7 Rg8 8.
Qxh7 d6 9. Nf3 Nd7 10. d4 Nf8 11. Qc2 Bd7 12. g3 Bc6 13. Bg2 dxe5 14. dxe5 Qd7
15. O-O O-O-O 16. Nd4 Bxg2 17. Kxg2 Nc6 18. Nf3 Ng6 19. Bg5 Nce7 20. Rfe1 Qc6
21. Qe4 Qa6 22. Reb1 Rd7 23. Bxe7 Rxe7 24. Nd4 c6 25. Nb3 Qa3 26. Rd1 Nf8 27.
Rd6 Rd7 28. c5 f5 29. Qd4 Rg4 30. Qd2 Rgg7 31. Rd1 f4 32. Qxf4 Rdf7 33. Qd2 Rd7
34. Qh6 Rgf7 35. Rxd7 Nxd7 36. Qxe6 1-0

[Event "Championnat de Paris Open A"]
[Site "Paris"]
[Date "2012.07.11"]
[Round "5.75"]
[White "Mousa, Medhat"]
[Black "Larramendy, Pierre"]
[Result "0-1"]
[WhiteElo "1973"]
[BlackElo "1893"]
[PlyCount "80"]
[EventDate "2012.??.??"]

1. d4 d5 2. c4 c6 3. Nf3 Nf6 4. Nc3 e6 5. b3 Nbd7 6. e3 Bd6 7. Bd3 O-O 8. O-O
Re8 9. e4 dxe4 10. Nxe4 Nxe4 11. Bxe4 Nf6 12. Bc2 c5 13. dxc5 Bxc5 14. Bb2 Qb6
15. Bxf6 gxf6 16. Qd3 f5 17. Rad1 e5 18. Nxe5 Be6 19. Qg3+ Kf8 20. Qg5 Qc7 21.
Qh6+ Ke7 22. Rfe1 Bb4 23. Qg5+ Kf8 24. Re3 Bd6 25. Nf3 Bf4 26. Qh5 Bxe3 27.
fxe3 Qe7 28. Qxh7 Qf6 29. Nd4 Rad8 30. Rf1 Ke7 31. Nxf5+ Bxf5 32. Bxf5 Rh8 33.
Bb1 Rxh7 34. Rxf6 Kxf6 35. Bxh7 Rd1+ 36. Kf2 Rd2+ 37. Kf3 Rxa2 38. Be4 b6 39.
Bc6 Kg5 40. g3 Rxh2 0-1

[Event "Championnat de Paris Open A"]
[Site "Paris"]
[Date "2012.07.11"]
[Round "5.76"]
[White "Parant, Pascal"]
[Black "Elkaim, Olivier"]
[Result "1-0"]
[WhiteElo "1878"]
[BlackElo "2087"]
[PlyCount "39"]
[EventDate "2012.??.??"]

1. d4 d5 2. c4 Nc6 3. Nf3 Bg4 4. Nc3 Bxf3 5. gxf3 e6 6. cxd5 exd5 7. Bf4 Bd6 8.
Bg3 Nge7 9. e3 Nf5 10. Qb3 Nce7 11. Qxb7 O-O 12. Qa6 Nxg3 13. hxg3 Rb8 14. Bd3
g6 15. Na4 Bb4+ 16. Kf1 Qd7 17. a3 Bd6 18. b4 Rfe8 19. Rc1 Nf5 20. Kg2 1-0

[Event "Championnat de Paris Open A"]
[Site "Paris"]
[Date "2012.07.11"]
[Round "5.77"]
[White "Contois, Frederick-Andre"]
[Black "Ribaud-Chevrey, Philippe"]
[Result "1-0"]
[WhiteElo "1914"]
[BlackElo "2101"]
[PlyCount "145"]
[EventDate "2012.??.??"]

1. e4 e6 2. d4 c5 3. Nf3 a6 4. Be2 cxd4 5. Nxd4 Nf6 6. Bf3 Qc7 7. Qe2 d6 8. Nc3
Nbd7 9. Bg5 Be7 10. h4 Ne5 11. O-O-O Bd7 12. g4 b5 13. Bxf6 Bxf6 14. Bg2 Rc8
15. g5 Be7 16. f4 Nc4 17. Rd3 Qa5 18. Nb3 Qb6 19. f5 b4 20. Nd1 a5 21. Qf2 Qxf2
22. Nxf2 exf5 23. Bh3 a4 24. Nd2 Ne5 25. exf5 Nxd3+ 26. Nxd3 Rb8 27. Re1 Kd8
28. Re4 d5 29. Rd4 Bc6 30. Ne5 Ba8 31. Nxf7+ Kc7 32. Nxh8 Rxh8 33. f6 gxf6 34.
gxf6 Bxf6 35. Rxb4 Re8 36. Nf3 Bc6 37. Kd2 Be7 38. Rf4 a3 39. b3 Bc5 40. Nd4
Kb6 41. h5 Re5 42. Bg4 Be8 43. Rf6+ Kb7 44. Nf5 Kc7 45. Rh6 d4 46. Rxh7+ Kb6
47. Rh8 Bb5 48. Rb8+ Ka6 49. Rxb5 Kxb5 50. Kd3 Re1 51. Bf3 Bf8 52. Nxd4+ Kb6
53. b4 Rb1 54. c3 Rb2 55. Bd5 Bg7 56. Bf7 Rh2 57. Kc4 Rh4 58. Kb3 Bxd4 59. cxd4
Rh3+ 60. Ka4 Rf3 61. Be6 Kc7 62. h6 Rf6 63. h7 Rh6 64. Bg8 Rh3 65. Ka5 Rh5+ 66.
d5 Kd6 67. Kb6 Rh2 68. Ka7 Rh4 69. b5 Ra4+ 70. Kb8 Rh4 71. b6 Kd7 72. b7 Kd8
73. Ka7 1-0

[Event "Championnat de Paris Open A"]
[Site "Paris"]
[Date "2012.07.11"]
[Round "5.78"]
[White "Andersen, Rune Egede"]
[Black "Sebag, Joel"]
[Result "1-0"]
[WhiteElo "2076"]
[BlackElo "1899"]
[PlyCount "105"]
[EventDate "2012.??.??"]

1. e4 c5 2. c3 d5 3. exd5 Qxd5 4. d4 Nc6 5. Nf3 Nf6 6. dxc5 Qxd1+ 7. Kxd1 e5 8.
b4 Bg4 9. Bb5 e4 10. h3 O-O-O+ 11. Kc2 exf3 12. hxg4 fxg2 13. Rg1 Nxg4 14. Rxg2
h5 15. Bxc6 bxc6 16. Nd2 Ne5 17. Ne4 h4 18. Bf4 h3 19. Rg3 h2 20. Rh1 Rd5 21.
Nd2 Rh4 22. Bxe5 Rxe5 23. Nf3 Re2+ 24. Kd3 Rhe4 25. Rxh2 Re8 26. Nd4 Rxa2 27.
Nxc6 Kc7 28. Nd4 g6 29. Rf3 Re7 30. Rh7 f5 31. Ne6+ Kc6 32. Nxf8 Rxh7 33. Nxh7
a5 34. Kc4 axb4 35. cxb4 Rc2+ 36. Kb3 Rc1 37. Rg3 Kb5 38. Rxg6 Rb1+ 39. Kc3
Rc1+ 40. Kd2 Ra1 41. Rb6+ Kc4 42. Ke3 Ra3+ 43. Kf4 Ra2 44. f3 Ra3 45. Ng5 Rd3
46. Kxf5 Rd5+ 47. Kf4 Rd4+ 48. Ne4 Rd8 49. c6 Kd5 50. c7 Rf8+ 51. Ke3 Rc8 52.
Rd6+ Kc4 53. Rd7 1-0

[Event "Championnat de Paris Open A"]
[Site "Paris"]
[Date "2012.07.11"]
[Round "5.79"]
[White "Mano, Francois"]
[Black "Benbara, Brahim"]
[Result "0-1"]
[WhiteElo "1894"]
[BlackElo "2057"]
[PlyCount "102"]
[EventDate "2012.??.??"]

1. e4 c5 2. Nf3 d6 3. d4 cxd4 4. Nxd4 Nf6 5. Nc3 a6 6. a4 g6 7. Be2 Bg7 8. Be3
Nc6 9. O-O O-O 10. Rb1 Ne5 11. f3 Bd7 12. Nd5 Bxa4 13. Nxf6+ Bxf6 14. b3 Bd7
15. c4 Nc6 16. Nc2 a5 17. Qd2 Qc7 18. Rfd1 Be6 19. f4 a4 20. bxa4 Rxa4 21. Bb6
Qb8 22. Ne3 Qa8 23. Nd5 Bg7 24. Nc7 Qc8 25. Qc2 Rb4 26. Rxb4 Nxb4 27. Qa4 Nc6
28. Nxe6 Qxe6 29. Bf3 Qf6 30. Be3 Qc3 31. Bd2 Qd4+ 32. Kh1 Qf2 33. Qa3 Qd4 34.
Qb3 Qa7 35. Rb1 Rb8 36. Be3 Qa6 37. Qd3 Rc8 38. Be2 Na5 39. Rb5 Nxc4 40. Rb1 b5
41. Bd4 Bxd4 42. Qxd4 Qa4 43. Rc1 Nb6 44. Rxc8+ Nxc8 45. Qc3 Nb6 46. e5 b4 47.
Qc1 dxe5 48. fxe5 Qa2 49. Qd1 b3 50. h3 b2 51. Qd8+ Kg7 0-1